The Family Guide to Surviving Stroke and Communication Disorders : (Record no. 608471)

MARC details
000 -LEADER
fixed length control field 00562nam a2200193 a 4500
008 - FIXED-LENGTH DATA ELEMENTS--GENERAL INFORMATION
fixed length control field 260117s2008##################000#0#eng##
020 ## - INTERNATIONAL STANDARD BOOK NUMBER
ISBN 9780763751050
082 04 - DEWEY DECIMAL CLASSIFICATION NUMBER
Classification number 618.8105
Item number TAN
100 1# - MAIN ENTRY--AUTHOR NAME
Personal name Tanner, Dennis C.,
245 10 - TITLE STATEMENT
Title The Family Guide to Surviving Stroke and Communication Disorders :
260 ## - PUBLICATION, DISTRIBUTION, ETC. (IMPRINT)
Name of publisher Jones & Bartlett Learning,
Year of publication 2008.
300 ## - PHYSICAL DESCRIPTION
Number of Pages 331 pages
650 #0 - SUBJECT ADDED ENTRY--TOPICAL TERM
Topical Term Family & Relationships.
942 ## - ADDED ENTRY ELEMENTS (KOHA)
Koha item type English Books
Holdings
Withdrawn status Lost status Damaged status Not for loan Home library Current library Shelving location Date acquired Full call number Accession Number Price effective from Koha item type
        Anna Centenary Library Anna Centenary Library 5TH FLOOR, B WING 17.01.2026 618.8105 TAN 398846 17.01.2026 English Books

Find us on the map